| 000 | 04493cam a22013934i 4500 | ||
|---|---|---|---|
| 003 | PE-LiUPU | ||
| 005 | 20250813185327.0 | ||
| 008 | 150217s2014 sp a o000 0 spa d | ||
| 020 | _a8477236291 | ||
| 020 | _a9788477236290 | ||
| 035 | _a(Sirsi) i9788477236290 | ||
| 040 |
_aBNM _bspa _erdc _cBNM _dESEHU _dPE-LiUPU _erda |
||
| 049 | _aPRUA | ||
| 080 | _a504.6(460.253 B.):004.6 | ||
| 082 |
_a363.74 _bB25 _220 |
||
| 082 | 0 | 4 |
_a628.517 _bB25 2014 _221 |
| 100 | 1 |
_aBarrigón Morillas, Juan Miguel, _eautor. |
|
| 245 | 1 | 0 |
_aEstudio del impacto del ruido ambiental en la ciudad de Badajoz / _cJuan Miguel Barrigón Morillas, Miguel Mellado Narciso, Valentín Gómez Escobar. |
| 264 |
_aCáceres : _bUniversidad de Extremadura, Servicio de Publicaciones, _c2014. |
||
| 300 |
_a52 páginas : _bilustraciones ; _c24 centímetros. |
||
| 336 |
_text _2rdacontent |
||
| 337 |
_unmediated _2rdamedia |
||
| 338 |
_volume _2rdacarrier |
||
| 504 | _aBibliografía: páginas 51-52. | ||
| 505 | 2 | _aIntroducción -- Consideraciones previas -- Resultados. Mapa de ruido de badajoz -- Método de trabajo -- Desarrollo de modelo -- Mapas estratégicas de ruido -- Conclusiones. | |
| 526 | _aP202 | ||
| 526 | _aP201 | ||
| 526 | _aP163 | ||
| 526 | _aP162 | ||
| 526 | _aP161 | ||
| 526 | _aP160 | ||
| 526 | _aP148 | ||
| 526 | _aP147 | ||
| 526 | _aP146 | ||
| 526 | _aP145 | ||
| 526 | _aP144 | ||
| 526 | _aP143 | ||
| 526 | _aP142 | ||
| 526 | _aP141 | ||
| 526 | _aP140 | ||
| 526 | _aP139 | ||
| 526 | _aP138 | ||
| 526 | _aP137 | ||
| 526 | _aP136 | ||
| 526 | _aP135 | ||
| 526 | _aP134 | ||
| 526 | _aP133 | ||
| 526 | _aP129 | ||
| 526 | _aP128 | ||
| 526 | _aP127 | ||
| 526 | _aP120 | ||
| 526 | _aP119 | ||
| 526 | _aP118 | ||
| 526 | _aP116 | ||
| 526 | _aP115 | ||
| 526 | _aP114 | ||
| 526 | _aP110 | ||
| 526 | _aP109 | ||
| 526 | _aP108 | ||
| 526 | _aP104 | ||
| 526 | _aP103 | ||
| 526 | _aP102 | ||
| 526 | _aP99 | ||
| 526 | _aP98 | ||
| 526 | _aP97 | ||
| 526 | _aP96 | ||
| 526 | _aP95 | ||
| 526 | _aP93 | ||
| 526 | _aP90 | ||
| 526 | _aP89 | ||
| 526 | _aP88 | ||
| 526 | _aP83 | ||
| 526 | _aP82 | ||
| 526 | _aP62 | ||
| 526 | _aP59 | ||
| 526 | _aP58 | ||
| 526 | _aP57 | ||
| 526 | _aP51 | ||
| 526 | _aP49 | ||
| 526 | _aP48 | ||
| 526 | _aP47 | ||
| 526 | _aP29 | ||
| 526 | _aP24 | ||
| 526 | _aP20 | ||
| 526 | _aP19 | ||
| 526 | _aP17 | ||
| 526 | _aP15 | ||
| 526 | _aP14 | ||
| 526 | _aP12 | ||
| 526 | _aP10 | ||
| 526 | _aP09 | ||
| 526 | _aP08 | ||
| 526 | _aP07 | ||
| 526 | _aP06 | ||
| 526 | _aP05 | ||
| 526 | _aP04 | ||
| 526 | _aP01 | ||
| 541 | _g0020-0000647; | ||
| 541 | _g0020-0002812; | ||
| 541 | _g0001-0042329; | ||
| 650 | 4 | _aHigiene ambiental. | |
| 650 | 4 | _aRuido, Contaminación por el. | |
| 650 | 7 |
_aRuido urbano _zBadajoz _xProceso de datos _2embne |
|
| 650 | 7 |
_aRuido _xEfectos fisiológicos _2embne |
|
| 651 | 4 | _aBadajoz. | |
| 700 | 1 |
_aGómez Escobar, Valentín, _eautor. |
|
| 700 | 1 |
_aMellado Narciso, Miguel, _eautor. |
|
| 910 |
_armch _btqv _crmch _d20170803 |
||
| 910 |
_adbm _bmarg _cmarg _d20180117 |
||
| 942 |
_2ddc _cBOOK |
||
| 949 |
_a363.74 B25 _wDEWEY _c1 _i74011 _lCCODEBUL1 _mBUL _p14.27 _r0 _sY _tBOOK _u2016-7-8 _xINGENIERIA _PP24 _0COMPRA _o.STAFF. Colección General |
||
| 949 |
_a628.517 B25 2014 _wDEWEY _c1 _iFJ08440 _lCCODEBUJ1 _mBUJ _p14.80 _r0 _sY _tBOOK _u2017-08-03 _xINGENIERIA _PP24 _0COMPRA _o.STAFF. Colección General Juliaca |
||
| 994 |
_aC0 _bPEPRU |
||
| 596 | _a1 3 | ||
| 999 |
_a363.74 B25 _wDEWEY _c10500 _i74011 _f2021-11-9 _g7 _lCCODEBUL1 _mBUL _p14.27 _q1 _r0 _sY _tBOOK _u2016-7-8 _xINGENIERIA _PP24 _0COMPRA _o.STAFF. Colección General _d10500 |
||
| 999 |
_a363.74 B25 _wDEWEY _c2 _i78172 _f2021-11-9 _g4 _lCCODEBUL1 _mBUL _p14.95 _r0 _sY _tBOOK _u2018-1-17 _xINGENIERIA _PP24 _0COMPRA _o.STAFF. Colección Ingeniería y Arquitectura |
||
| 999 |
_a363.74 B25 _wDEWEY _c3 _i78173 _f2021-11-9 _g4 _lCCODEBUL1 _mBUL _p14.95 _r0 _sY _tBOOK _u2018-1-17 _xINGENIERIA _PP24 _0COMPRA _o.STAFF. Colección Ingeniería y Arquitectura |
||
| 999 |
_a628.517 B25 2014 _wDEWEY _c1 _iFJ08440 _d2019-11-14 _e2019-4-14 _f2022-1-26 _g4 _lCCODEBUJ1 _mBUJ _n2 _p15.00 _q9 _r0 _sY _tBOOK _u2017-8-2 _xINGENIERIA _PP24 _0COMPRA _o.STAFF. Colección General Juliaca |
||
| 980 |
_81 _gALBERTO SANCHEZ Responsable de Automatización |
||